[Event "Kitchener Riedstra Memorial U2000"]
[Site "Kitchener"]
[Date "2012.03.10"]
[Round "2"]
[White "Gillanders, Robert"]
[Black "Chuchin, Sasha"]
[Result "1-0"]
[WhiteElo "1866"]
[BlackElo "1668"]
[PlyCount "130"]
[EventDate "2012.03.09"]
[EventType "swiss"]
[EventRounds "5"]
[EventCountry "CAN"]
[SourceTitle "EXT 2022"]
[Source "ChessBase"]
[SourceDate "2021.10.06"]
[SourceVersion "1"]
[SourceVersionDate "2021.10.06"]
[SourceQuality "1"]

1. d4 d5 2. c4 c6 3. Nc3 Nf6 4. Nf3 Bg4 5. Qb3 b6 6. e3 e6 7. Ne5 Bd6 8. cxd5 Bxe5 9. dxe5 Nxd5 10. Ne4 0-0 11. f3 Bh5 12. Be2 Qh4+ 13. Nf2 Qb4+ 14. Bd2 Qxb3 15. axb3 Bg6 16. e4 Nc7 17. Bb4 c5 18. Bc3 a5 19. Rd1 Nba6 20. Rd6 Rab8 21. 0-0 Rfc8 22. Rfd1 Kf8 23. g4 h5 24. h3 Ke8 25. f4 hxg4 26. hxg4 Nb4 27. Bxb4 axb4 28. f5 Bh7 29. Kg2 Rd8 30. Rh1 Bg8 31. Rh8 Kf8 32. g5 exf5 33. exf5 Rxd6 34. exd6 Ne8 35. d7 Nd6 36. f6 Rd8 37. Bg4 c4 38. Rh3 Nb7 39. Ne4 cxb3 40. fxg7+ Kxg7 41. Nf6 Kg6 42. Ne4 Nc5 43. Rh6+ Kg7 44. Nxc5 bxc5 45. Rc6 Kf8 46. Rxc5 Bh7 47. Rc4 Ke7 48. Rxb4 Bc2 49. Kg3 f5 50. gxf6+ Kxf6 51. Rd4 Ke5 52. Rb4 Kf6 53. Kf4 Ke7 54. Ke5 Rxd7 55. Bxd7 Kxd7 56. Kd5 Kc7 57. Kc5 Bd1 58. Rf4 Bh5 59. Rf5 Bg4 60. Rf7+ Kb8 61. Kb6 Kc8 62. Rc7+ Kd8 63. Rc3 Be6 64. Kc6 Bf7 65. Kd6 Ke8 1-0

[Event "Canadian op 48th U2000"]
[Site "Toronto"]
[Date "2011.07.15"]
[Round "7"]
[White "Jamshed, Musa"]
[Black "Chuchin, Sasha"]
[Result "1-0"]
[WhiteElo "1850"]
[BlackElo "1587"]
[PlyCount "81"]
[EventDate "2011.07.09"]
[EventType "swiss"]
[EventRounds "9"]
[EventCountry "CAN"]
[SourceTitle "EXT 2022"]
[Source "ChessBase"]
[SourceDate "2021.10.06"]
[SourceVersion "1"]
[SourceVersionDate "2021.10.06"]
[SourceQuality "1"]

1. e4 e5 2. Nf3 Nf6 3. Nc3 Bb4 4. Bc4 d6 5. a3 Ba5 6. 0-0 0-0 7. b4 Bb6 8. d3 h6 9. d4 Bg4 10. dxe5 Bxf3 11. Qxf3 dxe5 12. Bb2 Bd4 13. Rad1 Qe7 14. Nd5 Nxd5 15. Bxd4 Nxb4 16. axb4 exd4 17. Rxd4 Nc6 18. Rd2 Qxb4 19. Qe2 Ne5 20. Bb3 Rad8 21. Rfd1 Rxd2 22. Rxd2 Qe7 23. Qd1 Qf6 24. f3 Nc6 25. Qb1 Rd8 26. Bd5 b6 27. Qa2 a5 28. Qc4 Rd7 29. Rf2 Ne5 30. Qe2 c6 31. Bb3 Qd6 32. Rf1 Qc5+ 33. Kh1 Rd4 34. f4 Nd7 35. e5 a4 36. Ba2 Nf8 37. f5 Rd8 38. e6 fxe6 39. fxe6 Qe7 40. Rf7 Qd6 41. e7 1-0

[Event "CAN-ch U12"]
[Site "Quebec"]
[Date "2008.07.14"]
[Round "1"]
[White "Chuchin, Sasha"]
[Black "Nunez Painchaud, Raphael"]
[Result "0-1"]
[WhiteElo "1124"]
[BlackElo "1686"]
[PlyCount "98"]
[EventDate "2008.07.14"]
[EventType "swiss"]
[EventRounds "7"]
[EventCountry "CAN"]
[SourceTitle "EXT 2011"]
[Source "ChessBase"]
[SourceDate "2010.11.26"]
[SourceVersion "1"]
[SourceVersionDate "2010.11.26"]
[SourceQuality "1"]

1. e4 c5 2. Nf3 Nc6 3. d4 cxd4 4. Nxd4 g6 5. Be3 Bg7 6. Nxc6 bxc6 7. Bd4 Nf6 8. Nc3 0-0 9. Be2 Rb8 10. Rb1 Qa5 11. 0-0 d6 12. a3 Ba6 13. Bxa7 Bxe2 14. Qxe2 Qxa7 15. Qd3 Nd7 16. Rfe1 Nc5 17. Qe3 Rb7 18. Red1 Na4 19. Qxa7 Rxa7 20. Nxa4 Rxa4 21. Re1 Rb8 22. c3 Ra7 23. Re2 Rxa3 24. Kf1 Rxc3 25. bxc3 Rxb1+ 26. Re1 Rxe1+ 27. Kxe1 Bxc3+ 28. Kd1 Bd4 29. f3 Kg7 30. Kc2 Kf6 31. Kd3 Bg1 32. h3 d5 33. exd5 cxd5 34. g3 e5 35. Ke2 e4 36. fxe4 dxe4 37. Kf1 Bd4 38. Ke2 h5 39. Ke1 Be5 40. Kf2 e3+ 41. Kxe3 Bxg3 42. Kf3 h4 43. Kg4 Ke5 44. Kg5 f5 45. Kxg6 f4 46. Kg5 f3 47. Kg4 f2 48. Kg5 f1Q 49. Kg4 Qf5# 0-1

[Event "CAN-ch U12"]
[Site "Quebec"]
[Date "2008.07.14"]
[Round "2"]
[White "Lai, Jonathan"]
[Black "Chuchin, Sasha"]
[Result "1-0"]
[WhiteElo "1563"]
[BlackElo "1124"]
[PlyCount "66"]
[EventDate "2008.07.14"]
[EventType "swiss"]
[EventRounds "7"]
[EventCountry "CAN"]
[SourceTitle "EXT 2011"]
[Source "ChessBase"]
[SourceDate "2010.11.26"]
[SourceVersion "1"]
[SourceVersionDate "2010.11.26"]
[SourceQuality "1"]

1. e4 e5 2. Nf3 Nf6 3. Nxe5 d6 4. Nf3 Nxe4 5. Be2 Be7 6. 0-0 0-0 7. d3 Nc5 8. Nc3 Nc6 9. Be3 Ne5 10. Bxc5 Nxf3+ 11. Bxf3 dxc5 12. Re1 Bd6 13. Qd2 Qh4 14. g3 Qh3 15. Bg2 Qg4 16. Re4 Qg6 17. Rh4 Be7 18. Re4 Bf6 19. Nd5 Bf5 20. Ne7+ Bxe7 21. Rxe7 Qd6 22. Rae1 Be6 23. Qg5 h6 24. Qh4 f6 25. R1xe6 Qd8 26. Qg4 Rf7 27. Rxf7 Kxf7 28. Qc4 Kf8 29. Bd5 c6 30. Qxc5+ Kf7 31. Rd6+ cxd5 32. Rxd8 Rxd8 33. Qc7+ Ke6 1-0